| 000 | 00656nam a2200229Ia 4500 | ||
|---|---|---|---|
| 003 | OSt | ||
| 005 | 20230509114256.0 | ||
| 008 | 210423s2000 xx 000 0 und d | ||
| 020 | _a0-8342-1260-9 | ||
| 040 | _cAL | ||
| 041 | _aeng | ||
| 082 | _a637.3 FOXF | ||
| 100 |
_aFOX( Patrick F );GUINEE( Timothy P );COGAN ( Timothy M );McSWEENEY( PaulL H ) _9100649 |
||
| 245 | _aFundamentals of cheese science | ||
| 260 |
_aMaryland _bASPEN _c2000 |
||
| 300 |
_aviii,587p _bHB |
||
| 365 |
_b18768.2 _cEUR |
||
| 650 |
_aAgriculture _9100650 |
||
| 650 |
_aDairy Products Processing _9100651 |
||
| 906 | _acheese ; Fundamentals ; science | ||
| 942 |
_2ddc _cBK |
||
| 999 |
_c165613 _d165613 |
||